LEADER 01638oam 2200433Ia 450 001 9910696540903321 005 20080502104416.0 035 $a(CKB)5470000002379444 035 $a(OCoLC)75192032 035 $a(EXLCZ)995470000002379444 100 $a20061106d2005 ua 0 101 0 $aeng 135 $aurcn||||||||| 181 $ctxt$2rdacontent 182 $cc$2rdamedia 183 $acr$2rdacarrier 200 10$aProceedings of the Symposium on Ponderosa Pine$b[electronic resource] $eissues, trends, and management : October 18-21, 2004, Klamath Falls, Oregon 210 1$aAlbany, CA :$cU.S. Dept. of Agriculture, Forest Service, Pacific Southwest Research Station,$d[2005] 215 $av, 281 pages $cdigital, PDF file 225 1 $aGeneral technical report PSW ;$vGTR-198 300 $aTitle from title screen (viewed on Nov. 6, 2006). 300 $a"Technical coordinators: Martin W. Ritchie, Douglas A. Maguire and Andrew Youngblood." 300 $a"December 2005." 320 $aIncludes bibliographical references. 517 $aProceedings of the Symposium on Ponderosa Pine 606 $aPonderosa pine$vCongresses 608 $aConference papers and proceedings.$2lcgft 615 0$aPonderosa pine 701 $aRitchie$b Martin W$01403441 701 $aMaguire$b Douglas A$g(Douglas Alan)$01382423 701 $aYoungblood$b Andrew P$01406330 712 02$aPacific Southwest Research Station. 801 0$bAGL 801 1$bAGL 801 2$bGPO 906 $aBOOK 912 $a9910696540903321 996 $aProceedings of the Symposium on Ponderosa Pine$93485000 997 $aUNINA LEADER 01087nam0 22003011i 450 001 RML0283102 005 20231121125731.0 010 $a9812560378 100 $a20121121d2004 ||||0itac50 ba 101 | $aeng 102 $asi 181 1$6z01$ai $bxxxe 182 1$6z01$an 200 1 $aComputational methods for PDE in mechanics$fBerardino D'Acunto 210 $aSingapore $cWorld Scientific $dc2004 215 $axv, 278 p.$d24 cm$e1 cd-rom 606 $aMeccanica$2FIR$3RMLC012339$9I 606 $aEquazioni differenziali parziali$2FIR$3RMLC377884$9I 676 $a531.01515353$9$v21 700 1$aD'Acunto$b, Berardino$3RMLV182496$08907 801 3$aIT$bIT-01$c20121121 850 $aIT-FR0099 899 $aBiblioteca Area Ingegneristica$bFR0099 912 $aRML0283102 950 0$aBiblioteca Area Ingegneristica$d 54DMS 531 DAC$e 54VM 0000528255 VM barcode:BAIN005025. - Inventario:1677MVM$fA $h20050207$i20121204 977 $a 54 996 $aComputational methods for PDE in mechanics$9752016 997 $aUNICAS